00240nam a22000857a 4500100002400000245004800024260002900072300001200101700004100113 aSheikh, Liaquat Ali aStudy of Protective Schemes of Power System aNawabshah:bQUES,c1988. a183p. ; aDepartment of electrical Engineering